Préjugés sur les Portugais - Statistiques

Statistiques générales
  • Ce quiz a été pris 967 fois
  • Le résultat moyen est 8 sur 10
Statistiques - réponses
Indices Réponses % Correct
Tous les Portugais, hommes et femmes, seraient très... (pillosité) Poilus
99%
Les Portugais seraient tous... (métier) Plombier/Maçon
95%
Les Portugais seraient tous... (taille) Petits
91%
Tous les Portugais ne mangeraient que de ce poisson. Morue
83%
Les Portugais parleraient tous très... Fort
79%
Beaucoup de Portugais n'auraient ni eau courante ni... Electricité
77%
Les hommes porteraient tous la... Moustache
69%
Tandis que les Portugaises seraient... Femmes de ménage/Concierge
68%
Les Portugais ne boiraient que du... Porto
54%
Tous leurs plats seraient arrosés d'... Huile d'olive
47%
Aucun quiz correspondant
Distribution des résultats
% des personnes avec chaque résultat
Percentile par nombre de réponses
Votre historique - résultats
Vous n’avez pas pris ce quiz